Fikih sunnah

Bibliographic Details
Main Authors: سابق, السيد (Author), Syaf, Mahyuddin (Author)
Format: Book
Published: Bandung : Alma'arif , 1977
Subjects:

MARC

LEADER 00000cam a2200000 7i4500
001 0000005862
005 20230607093000.0
008 021119s1977
090 0 0 |a BP174   |b .S22 
100 0 |a سابق, السيد ,   |e author 
245 1 0 |a Fikih sunnah   |c Sayid Sabiq   |f alihbahasa, Mahyuddin Syaf 
260 2 |a Bandung :   |b Alma'arif ,   |c 1977 
300 |a v. ;   |c 22 cm. 
650 0 |a Islamic law   |v Sources 
650 0 |a Islam   |x Customs and practices 
700 0 |a Syaf, Mahyuddin ,   |e author 
999 |a 1000004650   |b Book   |c OPEN SHELF (30 DAYS)   |e Gong Badak Campus 
999 |a 1000005311   |b Book   |c OPEN SHELF (30 DAYS)   |e Gong Badak Campus 
999 |a 1000005312   |b Book   |c OPEN SHELF (30 DAYS)   |e Gong Badak Campus 
999 |a 1000005313   |b Book   |c OPEN SHELF (30 DAYS)   |e Gong Badak Campus 
999 |a 1000005316   |b Book   |c OPEN SHELF (30 DAYS)   |e Gong Badak Campus 
999 |a 1000005317   |b Book   |c OPEN SHELF (30 DAYS)   |e Gong Badak Campus 
999 |a 1000005320   |b Book   |c OPEN SHELF (30 DAYS)   |e Gong Badak Campus 
999 |a 1000005321   |b Book   |c OPEN SHELF (30 DAYS)   |e Gong Badak Campus 
999 |a 1000005322   |b Book   |c OPEN SHELF (30 DAYS)   |e Gong Badak Campus